000 00897nam a2200301 a 4500
001 vtls000276714
003 NLI
005 20210602124143.0
008 101203s1969 nyua 000 0 eng
020 _cUSD 34.00
039 9 _y201012031805
_zVLOAD
040 0 _aNLI
_beng
_cVERGIS-2010
_eAACR2
041 0 _aeng
044 _anyu
082 0 4 _a709.54
100 1 _aMaury, Curt
_982141
245 1 0 _aFolk origins of Indian art /
_cCurt Maury
260 _aNew York :
_bColumbia University Press,
_c1969
300 _a245 p. :
_bill. ;
_c23 x 29 cm.
504 _aBibliography : p. 225-231
650 0 _aHindu art
_9378196
650 0 _aHindu symbolism
_9184044
887 _a
901 _a397750
_b10.08.1970
902 _aE/O 709.54 M 448
999 _aVIRTUA40
_c235682
_d235682
942 _2ddc
_cBKS
999 _aVTLSSORT0080*0200*0400*0410*0440*0820*1000*2450*2600*3000*5040*6500*6501*9010*9020*9490*9991